| 000 | 01211cab a22002175a 4500 | ||
|---|---|---|---|
| 001 | L144840 | ||
| 008 | 080813e20080808xxko f 000 0 eng d | ||
| 035 | _a(Sirsi) u144840 | ||
| 041 | 0 | _aeng | |
| 100 | 1 | _aJansen, Mark | |
| 245 | 0 | 0 | _aHow green is BREEAM? |
| 260 | _c2008 | ||
| 490 |
_aProperty Week _v73(32) 8 August 2008, 56-57(2) |
||
| 520 | _aPresents the new method of BREEAM ([Building Research Establishment's] Environmental Assessment Method) in use since 1 August 2008. Explains that the new method is put into place to take into account environmental issues, such as energy efficiency, the link between carbon emissions and global warming. Reports that it also includes energy efficiency and water consumption. Mentions that now buildings must be assessed at the design and at the completion stages. Concludes by presenting BRE's plan to develop a new BREEAM, which will measure the sustainability of buildings once occupied. | ||
| 590 | _aKA | ||
| 650 | 2 | 4 | _aBRE ENVIRONMENTAL ASSESSMENT METHOD (BREEAM) |
| 651 | 4 |
_aUnited Kingdom _y |
|
| 690 | _aBUILT ENVIRONMENT-SUSTAINABLE CONSTRUCTION | ||
| 690 | _aENVIRONMENTAL AND LAND CONSULTANCY-ENERGY-ENERGY USE-ENERGY EFFICIENCY | ||
| 942 | _n0 | ||
| 999 |
_c80609 _d80609 |
||